Loading...
| History - European History | 0 | 4 | 0 | 2 | 40 | 41 | 93.00 | 2 | 2 |
| History - Other History | 0 | 4 | 1 | 0 | 35 | 58 | 77.00 | 0 | 4 |
| Literature - British Literature | 0 | 3 | 0 | 1 | 30 | 75 | 98.33 | 0 | 2 |
| Religion | 0 | 3 | 0 | 1 | 30 | 66 | 111.67 | 1 | 2 |
| History - American History | 0 | 3 | 1 | 0 | 25 | 58 | 78.00 | 0 | 2 |
| History - World History | 0 | 3 | 1 | 1 | 25 | 57 | 83.67 | 0 | 0 |
| Philosophy | 0 | 2 | 0 | 1 | 20 | 91 | 101.00 | 0 | 0 |
| Science - Physics | 0 | 1 | 0 | 0 | 10 | 90 | 90.00 | 0 | 0 |
| Fine Arts - Painting and Sculpture | 0 | 1 | 0 | 0 | 10 | 68 | 68.00 | 0 | 0 |
| Geography | 0 | 1 | 0 | 0 | 10 | 83 | 83.00 | 0 | 1 |
| Literature - European Literature | 0 | 1 | 0 | 0 | 10 | 34 | 34.00 | 1 | 1 |
| Mythology | 0 | 1 | 0 | 0 | 10 | 67 | 67.00 | 0 | 1 |
| Other Academic | 0 | 1 | 0 | 0 | 10 | 88 | 88.00 | 0 | 1 |
| Science - Chemistry | 0 | 1 | 0 | 0 | 10 | 115 | 115.00 | 0 | 0 |
| Science - Other Science | 0 | 0 | 0 | 0 | 0 | 0.00 | 0 | 0 | |
| Current Events | 0 | 0 | 1 | 0 | -5 | 0.00 | 0 | 0 | |
| Literature - American Literature | 0 | 0 | 1 | 0 | -5 | 0.00 | 0 | 0 |